00968 2200313 4500001002100000005001500021035002000036007000300056008004100059040002200100100002400122245009200146300005200238020003800290020003400328082001700362084001900379090002200398264003000420336002100450337003000471338002300501504003000524650001400554700003000568850001200598999002200610990002200632INLIS00000000087649720230404090049 a0010-0223000365ta230217s2022 yoia g ind d aYOPDYOGbinderda0 aMuryantiePengarang10aDasar-dasar pemasaran SMK/MAK kelas X semester 1 /cMuryanti; penyunting, Venan Anantya axx,170 halaman :bgambar, bagan, tabel ;c25 cm a978-623-01-3042-7 (jilid lengkap) a978-623-01-3043-4 (jilid 1 A)04223a658.8070 a658.8070 MUR d aCB-D.11 2022-211431aYogyakarta :bAndi,c2022 2rdacontentateks 2rdamediaatanpa perantara 2rdacarrieravolume aBibliografi : halaman 167 4aPemasaran0 aVenan AnantyaePenyunting aYOPDYOG aCB-D.11/2022-2114 aCB-D.11/2022-2114